[Event "Mauricie op"]
[Site "Trois-Rivieres CAN"]
[Date "2011.03.20"]
[Round "5"]
[White "Fournier, Michael"]
[Black "Ramaswamy, Kishor"]
[Result "0-1"]
[WhiteElo "1967"]
[BlackElo "2215"]
[PlyCount "48"]
[GameId "2160767909787413"]
[EventDate "2011.03.18"]
[EventType "swiss"]
[EventRounds "5"]
[EventCountry "CAN"]
[SourceTitle "EXT 2022"]
[Source "ChessBase"]
[SourceDate "2021.10.06"]
[SourceVersion "1"]
[SourceVersionDate "2021.10.06"]
[SourceQuality "1"]

1. e4 c6 2. Nc3 d5 3. Qf3 dxe4 4. Nxe4 Nf6 5. d3 Nbd7 6. Ne2 e5 7. N2g3 Nxe4 8. dxe4 Nf6 9. Bg5 Qa5+ 10. Bd2 Qb6 11. Qc3 Bc5 12. Qxe5+ Be6 13. Nf5 Bxf2+ 14. Kd1 O-O 15. Nxg7 Bd4 16. Qf4 Kxg7 17. e5 Ng4 18. h3 Be3 19. Qf3 Bxd2 20. hxg4 Qe3 21. Qf6+ Kg8 22. Bd3 Bxg4+ 23. Qf3 Bxf3+ 24. gxf3 h6 0-1

[Event "Mauricie op"]
[Site "Trois-Rivieres CAN"]
[Date "2011.03.20"]
[Round "5"]
[White "Larochelle, Martial"]
[Black "Voloaca, Mihnea"]
[Result "1/2-1/2"]
[WhiteElo "2140"]
[BlackElo "2320"]
[PlyCount "33"]
[GameId "2160767909787415"]
[EventDate "2011.03.18"]
[EventType "swiss"]
[EventRounds "5"]
[EventCountry "CAN"]
[SourceTitle "EXT 2022"]
[Source "ChessBase"]
[SourceDate "2021.10.06"]
[SourceVersion "1"]
[SourceVersionDate "2021.10.06"]
[SourceQuality "1"]

1. c4 e6 2. g3 d5 3. Bg2 Nf6 4. Nf3 d4 5. O-O c5 6. e3 Nc6 7. exd4 Nxd4 8. Nc3 Be7 9. d3 O-O 10. Re1 Re8 11. a3 Rb8 12. Nxd4 cxd4 13. Nb5 Ra8 14. Bf4 Rf8 15. Nc7 Rb8 16. Nb5 Ra8 17. Nc7 1/2-1/2

[Event "Mauricie op"]
[Site "Trois-Rivieres CAN"]
[Date "2011.03.20"]
[Round "5"]
[White "Miron, Francois"]
[Black "Laptos, Krzysztof"]
[Result "1/2-1/2"]
[WhiteElo "1977"]
[BlackElo "2267"]
[PlyCount "172"]
[GameId "2160767909787416"]
[EventDate "2011.03.18"]
[EventType "swiss"]
[EventRounds "5"]
[EventCountry "CAN"]
[SourceTitle "EXT 2022"]
[Source "ChessBase"]
[SourceDate "2021.10.06"]
[SourceVersion "1"]
[SourceVersionDate "2021.10.06"]
[SourceQuality "1"]

1. e4 g6 2. Nc3 c6 3. Nf3 Bg7 4. d4 d5 5. Bd3 dxe4 6. Nxe4 Nd7 7. O-O Ngf6 8. Ng3 O-O 9. c3 c5 10. Re1 cxd4 11. cxd4 Nb6 12. h3 Be6 13. Qe2 Bd5 14. Ne5 Rc8 15. Be3 Qd6 16. a3 Bb3 17. Rac1 e6 18. Nc4 Nxc4 19. Bxc4 Ba4 20. Bb5 Bxb5 21. Qxb5 Qb8 22. Ne2 a6 23. Qa4 Nd5 24. Bd2 Qa7 25. Rxc8 Rxc8 26. Rc1 Rxc1+ 27. Bxc1 b5 28. Qd1 Qc7 29. Qd2 Qc4 30. b4 h5 31. Qb2 Ne7 32. Bf4 Qd3 33. Bd6 Nf5 34. Bc5 Qd1+ 35. Kh2 h4 36. Bb6 Qe1 37. Ng1 Bh6 38. Bc7 Qc1 39. Qxc1 Bxc1 40. Nf3 Bxa3 41. Ba5 Kf8 42. Kg1 Ke7 43. Kf1 Kd6 44. Ke2 Kd5 45. Kd3 f6 46. Kc3 e5 47. dxe5 fxe5 48. Bd8 Bc1 49. Ne1 e4 50. Nc2 Bh6 51. Bf6 Bf8 52. Ne3+ Nxe3 53. fxe3 Bh6 54. Bd4 g5 55. Kb3 Ke6 56. Kc3 Kf5 57. Kb3 Bf8 58. Kc3 Bd6 59. Kb3 Bc7 60. Kc3 Bd8 61. Kb3 Ke6 62. Kc3 Kd5 63. Kb3 Be7 64. Kc3 Bd6 65. Kb3 Be5 66. Bb6 Bf6 67. Ba5 Ke6 68. Bb6 Kf5 69. Bc5 g4 70. Bb6 gxh3 71. gxh3 Ke6 72. Bc5 Kd5 73. Bb6 Kc6 74. Ba7 Be5 75. Kc2 Bc7 76. Kc3 Kd5 77. Kb3 a5 78. bxa5 Bxa5 79. Bd4 Kc6 80. Bf6 Bb6 81. Bg5 Bc5 82. Bf4 Be7 83. Bh6 Kd5 84. Bf4 Bc5 85. Bh6 Ke5 86. Bg7+ Kd5 1/2-1/2

[Event "Mauricie op"]
[Site "Trois-Rivieres CAN"]
[Date "2011.03.20"]
[Round "5"]
[White "Morin, Louis"]
[Black "Lavoie, Eric"]
[Result "0-1"]
[WhiteElo "1891"]
[BlackElo "1838"]
[PlyCount "140"]
[GameId "2160767909787417"]
[EventDate "2011.03.18"]
[EventType "swiss"]
[EventRounds "5"]
[EventCountry "CAN"]
[SourceTitle "EXT 2022"]
[Source "ChessBase"]
[SourceDate "2021.10.06"]
[SourceVersion "1"]
[SourceVersionDate "2021.10.06"]
[SourceQuality "1"]

1. e4 e6 2. d4 d5 3. e5 c5 4. Qg4 cxd4 5. Nf3 Ne7 6. Bd3 Ng6 7. O-O Be7 8. Re1 Nc6 9. a3 Bd7 10. b4 Qc7 11. Qg3 O-O-O 12. Bb2 f5 13. exf6 Qxg3 14. hxg3 Bxf6 15. b5 Nce5 16. a4 Nxf3+ 17. gxf3 Ne5 18. Nd2 Nxd3 19. cxd3 e5 20. Rac1+ Kb8 21. Nb3 b6 22. f4 exf4 23. Bxd4 fxg3 24. fxg3 Bxd4+ 25. Nxd4 Rhe8 26. Kf2 Rxe1 27. Rxe1 Rf8+ 28. Kg2 Rf7 29. Re5 Kc7 30. Rxd5 Re7 31. Kf2 g6 32. Nc2 Be6 33. Rd4 h5 34. Nb4 Rd7 35. Ke3 Rxd4 36. Kxd4 Bb3 37. Ke5 Bxa4 38. Nd5+ Kd7 39. Nc3 Bc2 40. d4 g5 41. Nd5 h4 42. gxh4 gxh4 43. Kf4 Bd1 44. Ke3 Kd6 45. Nc3 Bh5 46. Ne4+ Ke6 47. Kf4 Be8 48. Nc3 h3 49. Kg3 Kf5 50. Kxh3 Kf4 51. Nd5+ Kf3 52. Ne7 Bxb5 53. d5 Bd7+ 54. Kh2 Ke4 55. Kg3 Ke5 56. Kf2 Kd6 57. Ng6 Kxd5 58. Ke3 a5 59. Kd2 b5 60. Kc1 Be8 61. Nf4+ Kc4 62. Kb2 Bf7 63. Ne2 b4 64. Nc1 a4 65. Na2 b3 66. Ka3 Bg6 67. Kb2 Be4 68. Ka3 Bb1 69. Nb4 Kc3 70. Na2+ Bxa2 0-1

[Event "Mauricie op"]
[Site "Trois-Rivieres CAN"]
[Date "2011.03.20"]
[Round "5"]
[White "Riordon, Jason"]
[Black "Lemieux, Serge"]
[Result "1-0"]
[WhiteElo "2035"]
[BlackElo "1672"]
[PlyCount "85"]
[GameId "2160767909787418"]
[EventDate "2011.03.18"]
[EventType "swiss"]
[EventRounds "5"]
[EventCountry "CAN"]
[SourceTitle "EXT 2022"]
[Source "ChessBase"]
[SourceDate "2021.10.06"]
[SourceVersion "1"]
[SourceVersionDate "2021.10.06"]
[SourceQuality "1"]

1. d4 e6 2. e4 d5 3. Nd2 c5 4. exd5 Qxd5 5. Ngf3 cxd4 6. Bc4 Qc5 7. Qe2 a6 8. Nb3 Qc7 9. Nbxd4 Nc6 10. Bg5 Nxd4 11. Nxd4 Be7 12. Bxe7 Nxe7 13. O-O-O O-O 14. h4 Rd8 15. Nf3 Bd7 16. Ne5 Be8 17. h5 Nd5 18. Rh4 Qe7 19. Rdh1 Rac8 20. Kb1 Nf6 21. g4 Rd4 22. g5 Rxh4 23. Rxh4 Nd5 24. h6 Qxg5 25. Nf3 Qf6 26. hxg7 Ne7 27. Bd3 Ng6 28. Rg4 Bd7 29. Ng5 e5 30. Ne4 Qe6 31. Rg1 f6 32. Qh5 Qh3 33. Nxf6+ Kxg7 34. Qxe5 Kf7 35. Qd4 Qh2 36. f4 Nxf4 37. Qxd7+ Kxf6 38. Qf5+ Ke7 39. Re1+ Kd8 40. Qf6+ Kc7 41. Qe5+ Kb6 42. Rf1 Nxd3 43. Qxh2 1-0

[Event "Mauricie op"]
[Site "Trois-Rivieres CAN"]
[Date "2011.03.20"]
[Round "5"]
[White "Robichaud, Louis"]
[Black "Qin, Zi Yi (Joey)"]
[Result "1-0"]
[WhiteElo "2069"]
[BlackElo "2254"]
[PlyCount "107"]
[GameId "2160767909787419"]
[EventDate "2011.03.18"]
[EventType "swiss"]
[EventRounds "5"]
[EventCountry "CAN"]

1. e4 c5 2. Nc3 d6 3. g3 g6 4. Bg2 Bg7 5. d3 Nc6 6. f4 e6 7. Nf3 Nge7 8. O-O O-O 9. Be3 Nd4 10. e5 Nef5 11. Bf2 Rb8 12. Ne4 Nxf3+ 13. Qxf3 dxe5 14. Bxc5 Re8 15. fxe5 Bxe5 16. g4 b6 17. Bf2 Bb7 18. Qh3 Bxe4 19. Bxe4 Nd6 20. Bc6 Rf8 21. c3 Bg7 22. Rae1 Qc7 23. Bg2 b5 24. Re2 a6 25. Qf3 Rbc8 26. Kh1 Qa5 27. a3 Rcd8 28. Bh4 Rde8 29. Qc6 Nc8 30. Bf2 Ne7 31. Qb7 Qa4 32. h3 Bf6 33. Bc5 Bh4 34. Qf3 Rc8 35. Qe3 Qb3 36. Bd4 Nc6 37. Bxc6 Rxc6 38. Qh6 e5 39. Bxe5 Qd5+ 40. Kg1 f6 41. Qxh4 fxe5 42. Rxf8+ Kxf8 43. Rf2+ Kg7 44. Qe7+ Kh6 45. Qf8+ Kg5 46. d4 Re6 47. h4+ Kxh4 48. Qh6+ Kxg4 49. Rg2+ Kf5 50. Qg5+ Ke4 51. Re2+ Kd3 52. Qe3+ Kc4 53. b3+ Kxb3 54. c4+ 1-0

[Event "Mike Shpan mem."]
[Site "Winnipeg CAN"]
[Date "2011.11.01"]
[Round "1"]
[White "Afolabi, Damola"]
[Black "Baron, Cody"]
[Result "1-0"]
[WhiteElo "1545"]
[BlackElo "1352"]
[PlyCount "59"]
[GameId "2160767909647777"]
[EventDate "2011.11.01"]
[EventType "swiss"]
[EventRounds "6"]
[EventCountry "CAN"]
[SourceTitle "EXT 2022"]
[Source "ChessBase"]
[SourceDate "2021.10.06"]
[SourceVersion "1"]
[SourceVersionDate "2021.10.06"]
[SourceQuality "1"]

1. e4 g6 2. Nf3 Bg7 3. d4 c5 4. Be3 Nc6 5. c3 cxd4 6. cxd4 Nf6 7. Nc3 Ng4 8. Be2 Nxe3 9. fxe3 O-O 10. O-O d6 11. a3 Bg4 12. Qc2 Bh6 13. Qd3 Qa5 14. d5 Bxf3 15. dxc6 Bxe2 16. Nxe2 bxc6 17. Nd4 Qb6 18. b4 Bg7 19. Rab1 e5 20. Nb3 Rad8 21. Na5 d5 22. Rbc1 Rc8 23. Rc5 d4 24. exd4 Rfd8 25. Qc4 Rd7 26. Nxc6 Kf8 27. Nxe5 Bxe5 28. Rxc8+ Ke7 29. Rxf7+ Kd6 30. Qd5# 1-0

[Event "Mike Shpan mem."]
[Site "Winnipeg CAN"]
[Date "2011.11.01"]
[Round "1"]
[White "Campbell, Gary"]
[Black "Trueman, Francis"]
[Result "0-1"]
[WhiteElo "1735"]
[BlackElo "1511"]
[PlyCount "65"]
[GameId "2160767909647778"]
[EventDate "2011.11.01"]
[EventType "swiss"]
[EventRounds "6"]
[EventCountry "CAN"]
[SourceTitle "EXT 2022"]
[Source "ChessBase"]
[SourceDate "2021.10.06"]
[SourceVersion "1"]
[SourceVersionDate "2021.10.06"]
[SourceQuality "1"]

1. d4 Nf6 2. c4 d6 3. Nc3 g6 4. e4 Bg7 5. Be2 O-O 6. Nf3 c6 7. O-O Qc7 8. h3 e5 9. Be3 Nbd7 10. Rc1 Re8 11. dxe5 dxe5 12. Qc2 Nf8 13. Rfd1 Nh5 14. c5 Nf4 15. Bf1 h5 16. g3 N4e6 17. Ne1 Nh7 18. Qd2 Qe7 19. Qd6 Qf6 20. Qd2 Neg5 21. h4 Ne6 22. Bc4 Kh8 23. Kg2 Rg8 24. Nf3 Bf8 25. Bxe6 Bxe6 26. Bg5 Nxg5 27. Qxg5 Qxg5 28. Nxg5 Bxc5 29. Ne2 Bxa2 30. Rxc5 Rge8 31. Nxf7+ Bxf7 32. f3 Re7 33. Rc2 0-1

[Event "Mike Shpan mem."]
[Site "Winnipeg CAN"]
[Date "2011.11.01"]
[Round "1"]
[White "Crawford, Gary"]
[Black "Wolchock, Theo"]
[Result "0-1"]
[WhiteElo "1454"]
[BlackElo "1669"]
[PlyCount "44"]
[GameId "2160767909647779"]
[EventDate "2011.11.01"]
[EventType "swiss"]
[EventRounds "6"]
[EventCountry "CAN"]
[SourceTitle "EXT 2022"]
[Source "ChessBase"]
[SourceDate "2021.10.06"]
[SourceVersion "1"]
[SourceVersionDate "2021.10.06"]
[SourceQuality "1"]

1. e4 c5 2. Nf3 g6 3. Nc3 Bg7 4. d4 cxd4 5. Nxd4 e6 6. Be3 Ne7 7. Qd2 O-O 8. Bh6 Nbc6 9. Bxg7 Kxg7 10. Nf3 a6 11. h4 h6 12. Bd3 f5 13. O-O-O b5 14. a3 Rb8 15. Rdg1 b4 16. axb4 Nxb4 17. Nd4 Qb6 18. Nb3 a5 19. Bb5 fxe4 20. Bxd7 Rxf2 21. Qd1 Rxc2+ 22. Kb1 Qf2 0-1

[Event "Mike Shpan mem."]
[Site "Winnipeg CAN"]
[Date "2011.11.01"]
[Round "1"]
[White "Evans, Brian"]
[Black "Gudmundsson, Gunnar"]
[Result "0-1"]
[WhiteElo "1529"]
[BlackElo "1872"]
[PlyCount "116"]
[GameId "2160767909647780"]
[EventDate "2011.11.01"]
[EventType "swiss"]
[EventRounds "6"]
[EventCountry "CAN"]
[SourceTitle "EXT 2022"]
[Source "ChessBase"]
[SourceDate "2021.10.06"]
[SourceVersion "1"]
[SourceVersionDate "2021.10.06"]
[SourceQuality "1"]

1. e4 e5 2. Nf3 Nc6 3. Bb5 a6 4. Ba4 b5 5. Bb3 Na5 6. c3 Nxb3 7. Qxb3 d6 8. h3 Be6 9. Qc2 h6 10. O-O Nf6 11. d4 d5 12. dxe5 Nxe4 13. Be3 c5 14. Nbd2 Bf5 15. Qd1 Be7 16. Nxe4 Bxe4 17. Nd2 Bd3 18. Re1 c4 19. Qg4 Bg6 20. e6 h5 21. exf7+ Bxf7 22. Qxg7 Rg8 23. Qe5 Kf8 24. Bh6+ Ke8 25. Bg5 Ra7 26. Bxe7 Rxe7 27. Qxe7+ Qxe7 28. Rxe7+ Kxe7 29. a4 Be8 30. axb5 Bxb5 31. Nf3 Kd6 32. Nd4 Kc5 33. h4 Ra8 34. Re1 a5 35. Re5 Be8 36. Rg5 a4 37. Ne6+ Kd6 38. Nf4 Bf7 39. Nxh5 Rb8 40. Rf5 Ke6 41. Rf6+ Ke7 42. Ra6 Bxh5 43. Rxa4 Rxb2 44. Ra3 Rb3 45. Ra2 Rxc3 46. f3 Bg6 47. Kf2 d4 48. g4 d3 49. Ke1 Rb3 50. Ra7+ Kf8 51. h5 c3 52. Ra1 Rb2 53. f4 Re2+ 54. Kf1 Be8 55. g5 Bxh5 56. Ra8+ Re8 57. Rxe8+ Kxe8 58. Ke1 d2+ 0-1

[Event "Mike Shpan mem."]
[Site "Winnipeg CAN"]
[Date "2011.11.01"]
[Round "1"]
[White "Ford, Stephen"]
[Black "Leaden, Bruce"]
[Result "0-1"]
[WhiteElo "1645"]
[BlackElo "1427"]
[PlyCount "82"]
[GameId "2160767909647781"]
[EventDate "2011.11.01"]
[EventType "swiss"]
[EventRounds "6"]
[EventCountry "CAN"]
[SourceTitle "EXT 2022"]
[Source "ChessBase"]
[SourceDate "2021.10.06"]
[SourceVersion "1"]
[SourceVersionDate "2021.10.06"]
[SourceQuality "1"]

1. e4 c5 2. Nf3 g6 3. d4 cxd4 4. Nxd4 Nc6 5. Nc3 Bg7 6. Be3 Nf6 7. Be2 O-O 8. Qd2 Re8 9. O-O-O d6 10. Nxc6 bxc6 11. f4 Bg4 12. Bxg4 Nxg4 13. Bd4 e5 14. fxe5 Nxe5 15. Bxe5 Bxe5 16. Rde1 Qa5 17. a3 Bxc3 18. Qxc3 Qxc3 19. bxc3 Re6 20. Re3 f5 21. Rf1 Rae8 22. Kd2 Rxe4 23. Rxe4 Rxe4 24. g3 Kg7 25. Rf4 Rxf4 26. gxf4 Kf6 27. h4 Ke6 28. c4 c5 29. Ke3 h6 30. a4 Kd7 31. Kd3 Kc7 32. a5 Kb7 33. Kc3 Ka6 34. Kb3 Kxa5 35. Ka3 Kb6 36. Ka4 Kc6 37. Kb3 d5 38. cxd5+ Kxd5 39. Kc3 a5 40. Kb3 Ke4 41. Kc4 a4 0-1

[Event "Mike Shpan mem."]
[Site "Winnipeg CAN"]
[Date "2011.11.01"]
[Round "1"]
[White "Iomdina, Alexander"]
[Black "Reimer, Bruce"]
[Result "1-0"]
[WhiteElo "1421"]
[BlackElo "1601"]
[PlyCount "163"]
[GameId "2160767909647782"]
[EventDate "2011.11.01"]
[EventType "swiss"]
[EventRounds "6"]
[EventCountry "CAN"]
[SourceTitle "EXT 2022"]
[Source "ChessBase"]
[SourceDate "2021.10.06"]
[SourceVersion "1"]
[SourceVersionDate "2021.10.06"]
[SourceQuality "1"]

1. d4 Nf6 2. c4 g6 3. Nc3 Bg7 4. Bg5 d6 5. e3 O-O 6. Bd3 e5 7. dxe5 dxe5 8. Nf3 Nbd7 9. O-O c6 10. b4 Qc7 11. Rb1 Re8 12. Qc2 Nb6 13. Ne4 Nxe4 14. Bxe4 Be6 15. Bd3 f6 16. Bh4 Qf7 17. h3 Nxc4 18. Rbc1 Nd6 19. a4 Bf8 20. Rfe1 Bb3 21. Qc3 Bxa4 22. e4 Bh6 23. Rb1 Bb5 24. Bc2 Kg7 25. g4 Qe6 26. Kg2 g5 27. Bg3 Kf7 28. Rbc1 Bc4 29. Nd2 b5 30. Bb1 Bf8 31. Nxc4 Nxc4 32. Ba2 Rab8 33. Kh2 Red8 34. Re2 Kg6 35. f3 Qd6 36. Bxc4 bxc4 37. Qxc4 Be7 38. Qxc6 Qxc6 39. Rxc6 Bxb4 40. Ra6 Bc5 41. Bf2 Bxf2 42. Rxf2 Ra8 43. Rc2 Rd3 44. Kg3 Rb8 45. Rxa7 Rbb3 46. Rf2 Re3 47. Kg2 h5 48. Ra6 hxg4 49. hxg4 Red3 50. Rc6 Kf7 51. Rcc2 Ke6 52. Ra2 Kf7 53. Ra1 Kg6 54. Raf1 Kf7 55. Rh1 Kg6 56. Rh8 Kg7 57. Rc8 Kf7 58. Rc7+ Kg6 59. Rc6 Kf7 60. Rc7+ Kg6 61. Rcc2 Kf7 62. Rcd2 Re3 63. Rb2 Rbc3 64. Rbc2 Rb3 65. Rc7+ Kg6 66. Rc8 Kg7 67. Re8 Kf7 68. Rd8 Kg7 69. Ra8 Kf7 70. Rc8 Kg6 71. Ra8 Kf7 72. Rc8 Kg6 73. Ra8 Kf7 74. Rc2 Rxf3 75. Rc7+ Kg6 76. Rg8+ Kh6 77. Rgg7 Rg3+ 78. Kf2 Rgf3+ 79. Ke2 Rfe3+ 80. Kd2 Red3+ 81. Kc2 Rg3 82. Rh7+ 1-0

[Event "Mike Shpan mem."]
[Site "Winnipeg CAN"]
[Date "2011.11.08"]
[Round "2"]
[White "Baron, Cody"]
[Black "Ford, Stephen"]
[Result "1-0"]
[WhiteElo "1352"]
[BlackElo "1645"]
[PlyCount "47"]
[GameId "2160767909647783"]
[EventDate "2011.11.01"]
[EventType "swiss"]
[EventRounds "6"]
[EventCountry "CAN"]
[SourceTitle "EXT 2022"]
[Source "ChessBase"]
[SourceDate "2021.10.06"]
[SourceVersion "1"]
[SourceVersionDate "2021.10.06"]
[SourceQuality "1"]

1. d4 Nf6 2. c4 e6 3. Nc3 Bb4 4. e4 Nxe4 5. Bd2 Nxd2 6. Qxd2 O-O 7. Nf3 d5 8. a3 Bxc3 9. Qxc3 b6 10. Bd3 dxc4 11. Bxc4 Bb7 12. O-O-O Qf6 13. Be2 c6 14. Kb1 Nd7 15. Ka1 Rac8 16. g4 c5 17. Qe3 cxd4 18. Rxd4 Nc5 19. g5 Qg6 20. Nh4 Qc2 21. Bd1 Qc1+ 22. Qxc1 Nb3+ 23. Bxb3 Rxc1+ 24. Rxc1 1-0

[Event "Mike Shpan mem."]
[Site "Winnipeg CAN"]
[Date "2011.11.08"]
[Round "2"]
[White "Campbell, Gary"]
[Black "Iomdina, Alexander"]
[Result "1-0"]
[WhiteElo "1735"]
[BlackElo "1421"]
[PlyCount "77"]
[GameId "2160767909647784"]
[EventDate "2011.11.01"]
[EventType "swiss"]
[EventRounds "6"]
[EventCountry "CAN"]
[SourceTitle "EXT 2022"]
[Source "ChessBase"]
[SourceDate "2021.10.06"]
[SourceVersion "1"]
[SourceVersionDate "2021.10.06"]
[SourceQuality "1"]

1. d4 Nf6 2. c4 e6 3. Nc3 Bb4 4. e3 O-O 5. Bd3 c5 6. Nge2 Nc6 7. a3 Ba5 8. O-O Bxc3 9. bxc3 Qc7 10. e4 cxd4 11. cxd4 d5 12. cxd5 exd5 13. e5 Nd7 14. Be3 Re8 15. Qc2 f6 16. Bxh7+ Kh8 17. Bg6 Re7 18. Nf4 fxe5 19. Nxd5 Qd6 20. Nxe7 Qxe7 21. d5 Nd4 22. Bxd4 exd4 23. Rfe1 Ne5 24. Qe2 Nxg6 25. Qh5+ Kg8 26. Rxe7 Nxe7 27. Qe8+ Kh7 28. Qxe7 Bf5 29. g4 Bd3 30. d6 Bb5 31. Qe4+ Kh8 32. Qxb7 Rd8 33. Qxb5 Rxd6 34. Rc1 Rd8 35. Rc7 Re8 36. Qxe8+ Kh7 37. Qh5+ Kg8 38. Qg6 Kf8 39. Qf7# 1-0

[Event "Mike Shpan mem."]
[Site "Winnipeg CAN"]
[Date "2011.11.08"]
[Round "2"]
[White "Leaden, Bruce"]
[Black "Afolabi, Damola"]
[Result "1-0"]
[WhiteElo "1427"]
[BlackElo "1545"]
[PlyCount "65"]
[GameId "2160767909647785"]
[EventDate "2011.11.01"]
[EventType "swiss"]
[EventRounds "6"]
[EventCountry "CAN"]
[SourceTitle "EXT 2022"]
[Source "ChessBase"]
[SourceDate "2021.10.06"]
[SourceVersion "1"]
[SourceVersionDate "2021.10.06"]
[SourceQuality "1"]

1. e4 g6 2. Nc3 Bg7 3. d4 d6 4. Nf3 Nh6 5. h3 b6 6. Be3 Bb7 7. Qd2 Ng8 8. Be2 e6 9. g4 Ne7 10. O-O-O Nd7 11. Rdg1 Nf6 12. Ne1 Nxe4 13. Nxe4 Bxe4 14. f3 Bb7 15. h4 O-O 16. h5 c5 17. dxc5 bxc5 18. Bh6 Bh8 19. Bxf8 Qxf8 20. hxg6 Nxg6 21. Qh6 Qg7 22. Qxg7+ Bxg7 23. Nd3 Rb8 24. c3 c4 25. Nb4 a5 26. Nc2 Ne5 27. Rh3 Nd3+ 28. Bxd3 cxd3 29. Nd4 Bxd4 30. cxd4 Rc8+ 31. Kd2 Rc2+ 32. Kxd3 Ba6+ 33. Kxc2 1-0

[Event "Mike Shpan mem."]
[Site "Winnipeg CAN"]
[Date "2011.11.08"]
[Round "2"]
[White "Reimer, Bruce"]
[Black "Crawford, Gary"]
[Result "0-1"]
[WhiteElo "1601"]
[BlackElo "1454"]
[PlyCount "56"]
[GameId "2160767909647787"]
[EventDate "2011.11.01"]
[EventType "swiss"]
[EventRounds "6"]
[EventCountry "CAN"]
[SourceTitle "EXT 2022"]
[Source "ChessBase"]
[SourceDate "2021.10.06"]
[SourceVersion "1"]
[SourceVersionDate "2021.10.06"]
[SourceQuality "1"]

1. c4 Nf6 2. g3 e6 3. Bg2 c6 4. Nc3 Be7 5. e4 h6 6. e5 Nh7 7. Nge2 d6 8. exd6 Bxd6 9. O-O Nf6 10. d4 O-O 11. a3 Nbd7 12. b4 Re8 13. c5 Bc7 14. b5 cxb5 15. Nxb5 Nd5 16. Nec3 N7f6 17. Nxd5 Nxd5 18. Nxc7 Qxc7 19. Re1 Bd7 20. Rb1 Bc6 21. Qb3 Rac8 22. Bd2 b6 23. Rec1 b5 24. Bf1 a6 25. Qd1 Qd7 26. Qg4 Nf6 27. Qh4 Qd5 28. f4 Qxd4+ 0-1

[Event "Mike Shpan mem."]
[Site "Winnipeg CAN"]
[Date "2011.11.08"]
[Round "2"]
[White "Wolchock, Theo"]
[Black "Trueman, Francis"]
[Result "1/2-1/2"]
[WhiteElo "1669"]
[BlackElo "1511"]
[PlyCount "60"]
[GameId "2160767909647788"]
[EventDate "2011.11.01"]
[EventType "swiss"]
[EventRounds "6"]
[EventCountry "CAN"]
[SourceTitle "EXT 2022"]
[Source "ChessBase"]
[SourceDate "2021.10.06"]
[SourceVersion "1"]
[SourceVersionDate "2021.10.06"]
[SourceQuality "1"]

1. c4 e5 2. g3 Nf6 3. Bg2 d6 4. Nc3 g6 5. e3 Bg7 6. Nge2 O-O 7. O-O Nbd7 8. d4 c6 9. Qc2 Qc7 10. Rd1 Re8 11. e4 Nf8 12. Be3 h5 13. Rac1 N8h7 14. Qd2 Ng4 15. b4 Nxe3 16. Qxe3 g5 17. b5 Bf6 18. c5 g4 19. Qd3 Kh8 20. Qb1 Rg8 21. Qb4 dxc5 22. dxc5 Ng5 23. Rc2 Be6 24. Rcd2 Be7 25. Rc2 Rad8 26. Rcc1 Nf3+ 27. Kh1 Bg5 28. Rb1 Nd2 29. Rb2 Nf3 30. Rbb1 Nd2 1/2-1/2

[Event "Mike Shpan mem."]
[Site "Winnipeg CAN"]
[Date "2011.11.15"]
[Round "3"]
[White "Afolabi, Damola"]
[Black "Wolchock, Theo"]
[Result "0-1"]
[WhiteElo "1545"]
[BlackElo "1669"]
[PlyCount "116"]
[GameId "2160767909647789"]
[EventDate "2011.11.01"]
[EventType "swiss"]
[EventRounds "6"]
[EventCountry "CAN"]
[SourceTitle "EXT 2022"]
[Source "ChessBase"]
[SourceDate "2021.10.06"]
[SourceVersion "1"]
[SourceVersionDate "2021.10.06"]
[SourceQuality "1"]

1. g3 c5 2. Bg2 Nc6 3. b3 Nf6 4. Bb2 g6 5. Nf3 Bg7 6. O-O O-O 7. d3 d6 8. Nbd2 Bd7 9. a3 Qc8 10. Re1 Bh3 11. Bh1 e6 12. Ra2 b5 13. Qa1 Qd8 14. Ng5 Rc8 15. Nxh3 e5 16. Ng5 Nd4 17. Bxd4 cxd4 18. Nge4 d5 19. Nxf6+ Bxf6 20. Nf3 Bg7 21. Qb1 f5 22. b4 e4 23. Nd2 Qe8 24. Nb3 f4 25. Nc5 Qf7 26. dxe4 fxg3 27. Bf3 gxh2+ 28. Kxh2 Qf4+ 29. Kg2 Be5 30. Rh1 Qg5+ 31. Kf1 Rf7 32. Ne6 Qf6 33. exd5 Rc3 34. Qe1 Rxf3 35. exf3 Qxf3 36. Rg1 Qxd5 37. Ng5 Rf4 38. c4 Qxc4+ 39. Re2 d3 40. Rd2 Bc3 41. Qe6+ Qxe6 42. Nxe6 Bxd2 43. Nxf4 Bxf4 44. Kg2 d2 45. Rb1 Kf7 46. Kf3 g5 47. Ke2 Ke6 48. Rb3 h5 49. Rd3 h4 50. Rd8 h3 51. Rh8 h2 52. f3 Kd5 53. Kf2 Kc4 54. Ke2 Kb3 55. Rh7 Kxa3 56. Rxa7+ Kxb4 57. Rh7 Kb3 58. Rh3 Kc2 0-1

[Event "Mike Shpan mem."]
[Site "Winnipeg CAN"]
[Date "2011.11.15"]
[Round "3"]
[White "Crawford, Gary"]
[Black "Campbell, Gary"]
[Result "0-1"]
[WhiteElo "1454"]
[BlackElo "1735"]
[PlyCount "68"]
[GameId "2160767909647790"]
[EventDate "2011.11.01"]
[EventType "swiss"]
[EventRounds "6"]
[EventCountry "CAN"]
[SourceTitle "EXT 2022"]
[Source "ChessBase"]
[SourceDate "2021.10.06"]
[SourceVersion "1"]
[SourceVersionDate "2021.10.06"]
[SourceQuality "1"]

1. e4 e6 2. d4 d5 3. Nc3 Nf6 4. Bg5 Be7 5. e5 Nfd7 6. Bxe7 Qxe7 7. Nf3 O-O 8. Ne2 c5 9. c3 Nc6 10. Ng3 cxd4 11. cxd4 f6 12. exf6 Nxf6 13. a3 Bd7 14. Bb5 Na5 15. Bxd7 Nxd7 16. O-O Nc4 17. Re1 h6 18. Qe2 Rf6 19. Nh5 Rg6 20. Nf4 Rf6 21. Nxe6 Re8 22. b3 Rxe6 23. Qxe6+ Qxe6 24. Rxe6 Rxe6 25. bxc4 dxc4 26. Kf1 b5 27. Re1 Kf7 28. Ne5+ Nxe5 29. Rxe5 Rxe5 30. dxe5 a5 31. Ke2 b4 32. axb4 axb4 33. Kd2 g5 34. g3 g4 0-1

[Event "Mike Shpan mem."]
[Site "Winnipeg CAN"]
[Date "2011.11.15"]
[Round "3"]
[White "Trueman, Francis"]
[Black "Baron, Cody"]
[Result "0-1"]
[WhiteElo "1511"]
[BlackElo "1352"]
[PlyCount "66"]
[GameId "2160767909647792"]
[EventDate "2011.11.01"]
[EventType "swiss"]
[EventRounds "6"]
[EventCountry "CAN"]
[SourceTitle "EXT 2022"]
[Source "ChessBase"]
[SourceDate "2021.10.06"]
[SourceVersion "1"]
[SourceVersionDate "2021.10.06"]
[SourceQuality "1"]

1. Nf3 Nf6 2. d3 d5 3. Nbd2 Nc6 4. g3 e5 5. h4 Bc5 6. Bg2 O-O 7. Nh2 Bf5 8. O-O Qd6 9. Re1 Ng4 10. Nxg4 Bxg4 11. Nb3 Bb6 12. c3 Qf6 13. Be3 Bxe3 14. fxe3 Rad8 15. Rf1 Qd6 16. e4 d4 17. c4 Qh6 18. Kh2 Ne7 19. Bf3 Bxf3 20. exf3 f5 21. Qd2 Qh5 22. Qg5 Qf7 23. Nd2 h6 24. Qxe7 Qxe7 25. Nb3 f4 26. Kh3 Kh7 27. c5 Rf6 28. Na5 Qd7+ 29. g4 Qb5 30. Nc4 Qxc5 31. Rg1 b5 32. Na5 Qb4 33. Nc6 Rxc6 0-1